00254nam a2200097Ia 4500008004100000100002000041245004600061260002700107300000900134650001300143190216s9999||||xx |||||||||||||| ||und|| aRajaneesh Kapur 0aGetting 1so9000 For Software Organization bBpb Publicationsc1995 a150p aCommerce